00465nam a22001697a 450000500170000000800410001702000220005805000260008010000210010624500170012725000180014426000280016230000130019050000370020365000320024070000230027220251112115010.0251112b |||||||| |||| 00| 0 eng d a979-8-88715-108-3 aTJ 778 .D86 2023bC.1 aDVORSKY ANTHONY aGAS TURBINES aFIRST EDITION aUSAbORYSON PRESSc2023 aVI-298P. aIT HAS BIBLIOGRAPHIC INFORMATION afundamentals of gas engines aDVORSKY B. ANTHONY